Making of Womanhood (Record no. 720354)

MARC details
000 -LEADER
fixed length control field 00787nam a2200265Ia 4500
003 - CONTROL NUMBER IDENTIFIER
control field OSt
005 - DATE AND TIME OF LATEST TRANSACTION
control field 20220928103511.0
008 - FIXED-LENGTH DATA ELEMENTS--GENERAL INFORMATION
fixed length control field 220927b |||||||| |||| 00| 0 eng d
037 ## - SOURCE OF ACQUISITION
Terms of availability Textual
040 ## - CATALOGING SOURCE
Original cataloging agency SDCL
Transcribing agency SDCL
Language of cataloging eng
041 ## - LANGUAGE CODE
Source of code eng
Language code of text/sound track or separate title eng
100 ## - MAIN ENTRY--PERSONAL NAME
Personal name Shah Shalini
9 (RLIN) 404626
245 #0 - TITLE STATEMENT
Title Making of Womanhood
Remainder of title Gender relations in mahabharata.
250 ## - EDITION STATEMENT
Edition statement Rev. 2nd
260 ## - PUBLICATION, DISTRIBUTION, ETC.
Place of publication, distribution, etc. New Delhi
Name of publisher, distributor, etc. Manohar
Date of publication, distribution, etc. 2012
300 ## - PHYSICAL DESCRIPTION
Extent 220p
Dimensions cm.
650 ## - SUBJECT ADDED ENTRY--TOPICAL TERM
Topical term or geographic name entry element Sanskrit
9 (RLIN) 391587
942 ## - ADDED ENTRY ELEMENTS (KOHA)
Classification part O15,1B2:g(Y15), Q2
Koha item type Textual
Source of classification or shelving scheme Colon Classification (CC)
Holdings
Withdrawn status Lost status Damaged status Not for loan Home library Current library Date acquired Source of acquisition Cost, normal purchase price Total Checkouts Full call number Barcode Date last seen Date last checked out Cost, replacement price Price effective from Koha item type
        South Campus Library South Campus Library 2022-09-28 227, 19/10/2012, Classic Book Service 650.00 3 O15,1B2:g(Y15) Q2 SC1508648 2026-04-08 2025-10-09 650.00 2022-09-28 Textual
Copyright @ Delhi University Library System